L'homme et le vent (Record no. 35744)
[ view plain ]
| 000 -LEADER | |
|---|---|
| fixed length control field | 00627 a2200253 4500 |
| 037 ## - SOURCE OF ACQUISITION | |
| Stock number | 14929 |
| 100 ## - VEDETTE PRINCIPALE - NOM DE PERSONNE | |
| Personal name | <de> La Rüe, E. Aubert |
| 100 ## - VEDETTE PRINCIPALE - NOM DE PERSONNE | |
| Language of a work | Fr |
| 260 ## - PUBLICATION, DISTRIBUTION, ETC. (IMPRINT) | |
| Place of publication, distribution, etc | Paris |
| 260 ## - PUBLICATION, DISTRIBUTION, ETC. (IMPRINT) | |
| Name of publisher, distributor, etc | Gallimard |
| 245 ## - TITLE STATEMENT | |
| Title | L'homme et le vent |
| 260 ## - PUBLICATION, DISTRIBUTION, ETC. (IMPRINT) | |
| Date of publication, distribution, etc | 1940 |
| 250 ## - EDITION STATEMENT | |
| Edition statement | 15è éd. |
| 300 ## - PHYSICAL DESCRIPTION | |
| Extent | 217 p |
| 300 ## - PHYSICAL DESCRIPTION | |
| Other physical details | 23 cm |
| 440 ## - SERIES STATEMENT/ADDED ENTRY--TITLE | |
| Number of part/section of a work | 16 |
| 440 ## - SERIES STATEMENT/ADDED ENTRY--TITLE | |
| Title | géographie humaine |
| 630 ## - SUBJECT ADDED ENTRY--UNIFORM TITLE | |
| Uniform title | 91 - Geographie. Exploration de la terre, des diverses regions, des divers pays. Voyages. Geographie regionale |
| 650 ## - SUBJECT ADDED ENTRY--TOPICAL TERM | |
| Topical term or geographic name as entry element | 9 - GEOGRAPHIE ET HISTOIRE |
| 650 ## - SUBJECT ADDED ENTRY--TOPICAL TERM | |
| Topical term or geographic name as entry element | Vent |
| 650 ## - SUBJECT ADDED ENTRY--TOPICAL TERM | |
| Topical term or geographic name as entry element | Enérgie éolienne |
| Withdrawn status | Lost status | Damaged status | Not for loan | Location (home branch) | Sublocation or collection (holding branch) | Date acquired | Koha issues (times borrowed) | Koha full call number | Koha date last seen | Price effective from | Koha item type |
|---|---|---|---|---|---|---|---|---|---|---|---|
| Bibliothèque Universitaire Centrale | Bibliothèque Universitaire Centrale | 28/02/2009 | 911.3 LAR | 28/02/2009 | 28/02/2009 | Livre |